Feelings (Record no. 63006)
[ view plain ]
| 000 -LEADER | |
|---|---|
| fixed length control field | 00754nam a2200181 a 4500 |
| 008 - FIXED-LENGTH DATA ELEMENTS--GENERAL INFORMATION | |
| fixed length control field | 160511s2011 ||||||||||||||||| || u |
| 020 ## - INTERNATIONAL STANDARD BOOK NUMBER | |
| International Standard Book Number | 9780415574846 |
| 050 ## - LIBRARY OF CONGRESS CALL NUMBER | |
| Classification number | BF 531 Fro |
| 100 ## - MAIN ENTRY--PERSONAL NAME | |
| Personal name | Frosh, Stephen |
| 245 10 - TITLE STATEMENT | |
| Title | Feelings |
| Statement of responsibility, etc. | by Stephen Frosh |
| 260 ## - PUBLICATION, DISTRIBUTION, ETC. | |
| Place of publication, distribution, etc. | New York |
| Name of publisher, distributor, etc. | Routledge |
| Date of publication, distribution, etc. | 2011 |
| 300 ## - PHYSICAL DESCRIPTION | |
| Extent | 102p. |
| 350 ## - | |
| -- | 25.95 |
| 650 ## - SUBJECT ADDED ENTRY--TOPICAL TERM | |
| Topical term or geographic name entry element | EMOTIONS--SOCIAL ASPECTS |
| 650 ## - SUBJECT ADDED ENTRY--TOPICAL TERM | |
| Topical term or geographic name entry element | EMOTIONS |
| 995 ## - | |
| -- | MAIN LIBRARY OPEN ACCESS |
| -- | 746441 |
| -- | CBU-MAIN LIBRARY (Kitwe) |
| -- | 25.95 |
| -- | BF 531 Fro |
| -- | 1 |
| -- | AVAILABLE |
| -- | May 13, 2016 |
| -- | 746441 |
| -- | Main Library Open Access Collection |
| 995 ## - | |
| -- | KAPASA MAKASA LIBRARY OPEN ACCESS |
| -- | 746440 |
| -- | CBU-KAPASA MAKASA LIBRARY (Chinsali) |
| -- | 25.95 |
| -- | BF 531 Fro |
| -- | 2 |
| -- | AVAILABLE |
| -- | May 23, 2018 |
| -- | 746440 |
| -- | Kapasa Makasa Library Open Acess Collection |
| 999 ## - | |
| -- | 63006 |
| -- | 63006 |
| Withdrawn status | Lost status | Source of classification or shelving scheme | Damaged status | Not for loan | Permanent Location | Current Location | Shelving location | Date acquired | Total Checkouts | Full call number | Barcode | Date last seen | Price effective from | Koha item type |
|---|---|---|---|---|---|---|---|---|---|---|---|---|---|---|
| CBU-MAIN LIBRARY, KITWE. | CBU-MAIN LIBRARY, KITWE. | 12/24/2022 | BF 531 Fro | 746441 | 12/24/2022 | 12/24/2022 | MONOGRAPH |